Tactics for TOEIC® speacking and writing tests
Zapisane w:
| 1. autor: | |
|---|---|
| Format: | Książka |
| Język: | Undetermined |
| Wydane: |
Oxford
Oxford University Press
2006
|
| Hasła przedmiotowe: | |
| Etykiety: |
Dodaj etykietę
Nie ma etykietki, Dołącz pierwszą etykiete!
|
| Thư viện lưu trữ: | Trung tâm Học liệu Trường Đại học Cần Thơ |
|---|
| LEADER | 00607nam a2200205Ia 4500 | ||
|---|---|---|---|
| 001 | CTU_199243 | ||
| 008 | 210402s9999 xx 000 0 und d | ||
| 082 | |a 428.0076 | ||
| 082 | |b T817 | ||
| 100 | |a Trew, Grant | ||
| 245 | 0 | |a Tactics for TOEIC® speacking and writing tests | |
| 245 | 0 | |c Grant Trew | |
| 260 | |a Oxford | ||
| 260 | |b Oxford University Press | ||
| 260 | |c 2006 | ||
| 650 | |a Test of English for International Communication,English language,English language | ||
| 650 | |x Examinations | ||
| 904 | |i Tuyến | ||
| 915 | |a 400 | ||
| 980 | |a Trung tâm Học liệu Trường Đại học Cần Thơ | ||